Na majstra si musíme počkať tretí zápas finále hokejovej Extraligy

Bibliographic Details
Main Authors: Barát, Róbert (Author), Hinšt, Ľubomír (Author), Uhlík, Ľubomír (Author)
Format: Article
Language:Slovak
ISSN:0139-7001
Subjects:

MARC

LEADER 00000nab a2200000 a 4500
001 vtls000754484
003 SK-MaSNL
005 20260302192100.0
008 180206c2001 xo 0 slo
015 |a SNBRB2001/04-13030 
035 |a CLN000106271 
040 |a SNKBUCL  |b slo  |c SNKBUCL  |e AACR2 
041 0 |a slo 
044 |a xo  |c SK 
080 |a 796.966.093.1  |2 UDC-MRF-SK2 
100 1 |a Barát, Róbert  |4 aut  |9 576570 
245 1 0 |a Na majstra si musíme počkať  |b tretí zápas finále hokejovej Extraligy  |c Róbert Barát, Jaroslav Hinšt, Ľubomír Uhlík 
650 0 7 |a hokej ľadový  |x West extraliga  |y sezóna 2000/2001  |2 snkbucl  |9 908634 
655 7 |a články z novín a časopisov  |2 snkbucl  |9 267496 
700 1 |a Hinšt, Ľubomír  |4 aut  |9 908697 
700 1 |a Uhlík, Ľubomír  |4 aut  |9 841670 
773 0 |x 0139-7001  |t Šport  |g Roč. 55, č. 83 (9.4.2001), s. 3 
850 |a Slovenská národná knižnica v Martine 
852 |a SNK  |b KIS3GCP 
958 |a RBX 
999 |c 1439421  |d 1441351